000
00312nam a2200121Ia 4500
008
210430s9999 xx 000 0 und d
082
_a
530.K691P
100
_a
Knight Randall D
_9
54972
245
_a
Physics A Contemporary Perspective
_c
Knight Randall D
260
_c
1997
300
_a
606p.
942
_c
BK
_2
ddc
999
_c
565903
_d
565903